Son oyuncak mağarası / (Record no. 21045)

MARC details
000 -BAŞLIK
Sabit Uzunluktaki Kontrol Alanı 00684nam a22002177a 4500
003 - KONTROL NUMARASI KİMLİĞİ
Kontrol Alanı koha_MIRAKIL
005 - EN SON İŞLEM TARİHİ ve ZAMANI
Kontrol Alanı 20241107142933.0
008 - SABİT UZUNLUKTAKİ VERİ ÖGELERİ - GENEL BİLGİ
Sabit Alan 241107b tur||||| |||| 00| 0 tur d
020 ## - ISBN - ULUSLARARASI STANDART KİTAP NUMARASI
Isbn 9786256999053
040 ## - KATALOGLAMA KAYNAĞI
Özgün Kataloglama Kurumu TR-IsEVY
Kataloglama Dili tur
Çeviri Kurumu TR-IsEVY
041 ## - DİL KODU
Metin ya da ses kaydının dil kodu tur
082 ## - DEWEY ONU SINIFLAMA SİSTEMİ
Sınıflama Numarası FIC
Cutter numarası ERT/S
100 ## - KİŞİ ADI
Yazar Adı (Kişi adı) Ertuğrul, Aykut
245 #0 - ESER ADI BİLDİRİMİ
Başlık Son oyuncak mağarası /
Sorumluluk Bildirimi Aykut Ertuğrul ; resimleyen Nadia Romero Marchesini.
260 ## - YAYIN, DAĞITIM, VB.
Yayın Yeri İstanbul :
Yayınevi Ketebe Yayınları,
Yayın Tarihi 2023.
300 ## - FİZİKSEL TANIMLAMA
Sayfa, Cilt vb. 107 s. :
Diğer fiziki detaylar renkli resim ;
Boyutları 21 cm.
490 0# - DİZİ BİLDİRİMİ
Dizi Bildirimi Ketebe Çocuk ;
Cilt Numarası 70.
650 ## - KONU BAŞLIĞI EK GİRİŞ - KONU TERİMİ
Konusal terim veya coğrafi ad Çocuk Edebiyatı .
Alt başlık biçimi Çocuk Romanı.
700 1# - EK GİRİŞ - KİŞİ ADI
Yazar Adı (Kişi adı) Marchesini, Nadia Romero.
Ünvan resimleyen.
942 ## - EK GİRİŞ ÖGELERİ (KOHA)
Source of classification or shelving scheme Dewey Decimal Classification
Koha item type Kitap
Holdings
Kayıp Durumu Sınıflandırma Kaynağı Hasarlı Durumu Koleksiyon Kodu Kalıcı Konum Mevcut Konum Kayıt Tarih Edinim Kaynağı Yer Numarası Demirbaş Numarası Son Görülme Tarihi Fatura Tarihi Materyal Türü
  Dewey Decimal Classification   İlkokul İLKOKUL KÜTÜPHANESİ İLKOKUL KÜTÜPHANESİ 07/11/2024 Satınalma FIC 22215 07/11/2024 07/11/2024 Kitap